Turkey Groups of Things - Statistics

General Stats
  • This quiz has been taken 28 times
  • The average score is 23 of 53
Answer Stats
Hint Answer % Correct
Largest Cities Ankara
96%
Largest Cities İstanbul
96%
Largest Cities İzmir
82%
Bordering Countries İran
79%
Largest Cities Antalya
71%
Top Football Clubs Beşiktaş
61%
Largest Cities Bursa
61%
Top Football Clubs Fenerbahçe
61%
Top Football Clubs Galatasaray
61%
Largest Lakes Van Gölü
61%
Top Football Clubs Trabzonspor
57%
Most Viewed TV Channels ATV
50%
Bordering Countries Azerbaycan
50%
Bordering Countries Irak
50%
Bordering Countries Suriye
50%
Largest Lakes Tuz Gölü
50%
Tallest Mountains Ağrı Dağı
46%
Bordering Countries Bulgaristan
46%
Top Football Clubs Bursaspor
46%
Bordering Countries Ermenistan
46%
Bordering Countries Gürcistan
46%
Most Viewed TV Channels Kanal D
46%
Most Viewed TV Channels Show TV
46%
Most Viewed TV Channels Star TV
46%
Bordering Countries Yunanistan
46%
Tallest Mountains Erciyes Dağı
43%
Longest Rivers Kızılırmak Nehri
43%
Least Population Cities Bayburt
39%
Largest Islands Bozcaada
39%
Longest Rivers Dicle Nehri
39%
Longest Rivers Fırat Nehri
39%
Largest Islands Gökçeada
39%
Least Population Cities Ardahan
36%
Least Population Cities Tunceli
36%
Largest Lakes Beyşehir Gölü
32%
Least Population Cities Kilis
32%
Largest Islands Marmara Adası
32%
Most Viewed TV Channels NOW
32%
Tallest Mountains Süphan Dağı
32%
Longest Rivers Aras Nehri
29%
Largest Lakes İznik Gölü
29%
Tallest Mountains Kaçkar Dağı
29%
Longest Rivers Seyhan Nehri
29%
Largest Lakes Eğirdir Gölü
25%
Least Population Cities Gümüşhane
25%
Biggest Companies Turkcell
25%
Biggest Companies Türk Hava Yolları
25%
Largest Islands Uzun Ada
25%
Biggest Companies Arçelik
21%
Tallest Mountains Cilo Dağı
21%
Biggest Companies Türkiye İş Bankası
21%
Biggest Companies Garanti BBVA
18%
Largest Islands Cunda Adası
14%
No matching quizzes found
Score Distribution
Percent of People with Each Score
Percentile by Number Answered
Your Score History
You have not taken this quiz